[Event "Campeonato de España Individual 2008"]
[Site "Ceuta ESP"]
[Date "2008.09.27"]
[Round "1.12"]
[White "Cabrera Trujillo, Jorge"]
[Black "Khamrakulov, Ibragim S"]
[Result "1/2-1/2"]
[WhiteElo "2423"]
[BlackElo "2597"]
[PlyCount "38"]
[EventDate "2008.09.27"]
[EventType "team-tourn"]
[EventRounds "8"]
[EventCountry "ESP"]
[Source "lmi"]
[SourceDate "2008.09.27"]

1. e4 e6 2. d4 d5 3. Nd2 c5 4. Ngf3 Nc6 5. exd5 Qxd5 6. Bc4 Qd8 7. Nb3 cxd4 8.
O-O Nf6 9. Nbxd4 Nxd4 10. Nxd4 a6 11. Re1 Qc7 12. Bb3 Bd7 13. Bg5 O-O-O 14. Qf3
Bd6 15. h3 Bh2+ 16. Kh1 Be5 17. Qe3 Bd6 18. Qf3 Be5 19. Qe3 Bd6 1/2-1/2

[Event "Campeonato de España Individual 2008"]
[Site "Ceuta ESP"]
[Date "2008.09.27"]
[Round "1.13"]
[White "Carrasco Martinez, Juan Manuel"]
[Black "San Segundo Carrillo, Pablo"]
[Result "1/2-1/2"]
[WhiteElo "2425"]
[BlackElo "2560"]
[PlyCount "70"]
[EventDate "2008.09.27"]
[EventType "team-tourn"]
[EventRounds "8"]
[EventCountry "ESP"]
[Source "lmi"]
[SourceDate "2008.09.27"]

1. d4 d5 2. Nf3 Nf6 3. c4 c6 4. e3 Bg4 5. Nbd2 Nbd7 6. h3 Bh5 7. b3 e6 8. Bb2
Bd6 9. Qc2 Qe7 10. Bd3 Bg6 11. Bxg6 hxg6 12. O-O Ba3 13. Rfe1 Bxb2 14. Qxb2 Ne4
15. Nxe4 dxe4 16. Nd2 f5 17. f3 Qg5 18. d5 Rxh3 19. f4 Qg4 20. Qxg7 O-O-O 21.
Nf1 Nc5 22. dxc6 bxc6 23. Qxa7 Nd3 24. Qa6+ Kc7 25. Qa7+ Kc8 26. Qa6+ Kd7 27.
Rad1 Rdh8 28. Qb7+ Kd8 29. Rxd3+ exd3 30. Qb8+ Ke7 31. Qc7+ Kf6 32. Qe5+ Kf7
33. Qc7+ Kf6 34. Qe5+ Kf7 35. Qc7+ Kf6 1/2-1/2

[Event "Campeonato de España Individual 2008"]
[Site "Ceuta ESP"]
[Date "2008.09.27"]
[Round "1.14"]
[White "Lariño Nieto, David"]
[Black "Perez Candelario, Manuel"]
[Result "1/2-1/2"]
[WhiteElo "2427"]
[BlackElo "2537"]
[PlyCount "117"]
[EventDate "2008.09.27"]
[EventType "team-tourn"]
[EventRounds "8"]
[EventCountry "ESP"]
[Source "lmi"]
[SourceDate "2008.09.27"]

1. e4 e5 2. Nf3 Nc6 3. Bb5 a6 4. Bxc6 dxc6 5. O-O f6 6. d4 Bg4 7. dxe5 Qxd1 8.
Rxd1 fxe5 9. Rd3 Bd6 10. Bg5 Ne7 11. h3 Be6 12. Nh4 Rf8 13. Nd2 c5 14. Bxe7
Kxe7 15. c4 g6 16. Nhf3 c6 17. Rd1 Rad8 18. Kf1 Bc7 19. Rxd8 Rxd8 20. Ke2 Kf6
21. Rc1 Bd6 22. Rc3 Bf8 23. Rd3 Ra8 24. Nh2 h5 25. Rf3+ Kg7 26. h4 b5 27. Rc3
Kf6 28. Rf3+ Kg7 29. b3 Be7 30. Rd3 Rd8 31. Nhf3 Bg4 32. Rxd8 Bxd8 33. Kd3 Kf6
34. Ng5 Bc7 35. Nf1 Bd7 36. Ne3 Ba5 37. Nc2 Be8 38. g3 Bc7 39. Ke3 Ba5 40. Kd3
Bc7 41. a3 Ke7 42. Ne1 Bd7 43. Kc2 Bd6 44. Nd3 Bc8 45. Kd2 a5 46. a4 Ba6 47.
Kc3 bxa4 48. bxa4 Bc8 49. Nf3 Kf6 50. Nd2 g5 51. hxg5+ Kxg5 52. Nb3 Bc7 53.
Ndxc5 Kg4 54. Kd2 Kf3 55. Ke1 Bb6 56. Nd2+ Kg2 57. Ndb3 Kf3 58. Nd2+ Kg2 59.
Ndb3 1/2-1/2

[Event "Campeonato de España Individual 2008"]
[Site "Ceuta ESP"]
[Date "2008.09.27"]
[Round "1.16"]
[White "Saldaño Dayer, Horacio"]
[Black "Narciso Dublan, Marc"]
[Result "0-1"]
[WhiteElo "2442"]
[BlackElo "2525"]
[PlyCount "94"]
[EventDate "2008.09.27"]
[EventType "team-tourn"]
[EventRounds "8"]
[EventCountry "ESP"]
[Source "lmi"]
[SourceDate "2008.09.27"]

1. Nf3 d5 2. d4 Nf6 3. c4 c6 4. e3 Bg4 5. h3 Bxf3 6. Qxf3 e6 7. Bd3 Nbd7 8. O-O
Bd6 9. Nc3 O-O 10. Rd1 Re8 11. Qe2 Qe7 12. c5 Bc7 13. f4 b6 14. b4 bxc5 15.
bxc5 e5 16. Qc2 exd4 17. exd4 Ba5 18. Bd2 Bxc3 19. Bxc3 Qe3+ 20. Kh1 Qxf4 21.
Rf1 Qh4 22. Rf3 Ne4 23. Kh2 Ng5 24. Rg3 Nf6 25. Rf1 Nge4 26. Rgf3 Re7 27. Be1
Qh6 28. Kg1 Rae8 29. Rf4 Nh5 30. R4f3 Ng5 31. Bd2 Nxf3+ 32. Rxf3 g5 33. Rf5 f6
34. Qa4 Ng3 35. Qxc6 Nxf5 36. Qxd5+ Kg7 37. Qxf5 Rd8 38. Ba5 Rxd4 39. Bc3 Qh4
40. c6 Rd6 41. Qc5 Rde6 42. Bc4 Re1+ 43. Bf1 Rxf1+ 44. Kxf1 Qf4+ 45. Kg1 Qe3+
46. Qxe3 Rxe3 47. Bd2 Re6 0-1

[Event "Campeonato de España Individual 2008"]
[Site "Ceuta ESP"]
[Date "2008.09.27"]
[Round "1.17"]
[White "Franco Alonso, Alejandro"]
[Black "Arizmendi Martinez, Julen Luis"]
[Result "0-1"]
[WhiteElo "2472"]
[BlackElo "2524"]
[PlyCount "82"]
[EventDate "2008.09.27"]
[EventType "team-tourn"]
[EventRounds "8"]
[EventCountry "ESP"]
[Source "lmi"]
[SourceDate "2008.09.27"]

1. d4 d6 2. Nf3 Nf6 3. c4 g6 4. Nc3 Bg7 5. e4 O-O 6. Be2 Bg4 7. Be3 Nfd7 8. Rc1
c5 9. d5 Na6 10. h3 Bxf3 11. Bxf3 Nc7 12. Be2 a6 13. a4 Re8 14. h4 e6 15. h5
exd5 16. exd5 Rxe3 17. fxe3 Qg5 18. Kf2 Re8 19. Rh3 Rxe3 20. Rxe3 Bd4 21. Qd2
f5 22. Nd1 f4 23. Bf3 Ne5 24. Ke2 fxe3 25. Nxe3 b5 26. b3 Qe7 27. hxg6 hxg6 28.
Qc2 bxc4 29. bxc4 Bxe3 30. Kxe3 Nxc4+ 31. Kf2 Qe3+ 32. Kg3 Ne5 33. Rd1 Qg5+ 34.
Kf2 Ne8 35. Qb3 Qf4 36. Kg1 Kg7 37. Be2 a5 38. Qb7+ Kh6 39. Qe7 Nf6 40. Qe6
Qe3+ 41. Kf1 Neg4 0-1

[Event "Campeonato de España Individual 2008"]
[Site "Ceuta ESP"]
[Date "2008.09.27"]
[Round "1.18"]
[White "Ibarra Jerez, Jose Carlos"]
[Black "Rivas Pastor, Manuel"]
[Result "1/2-1/2"]
[WhiteElo "2496"]
[BlackElo "2508"]
[PlyCount "158"]
[EventDate "2008.09.27"]
[EventType "team-tourn"]
[EventRounds "8"]
[EventCountry "ESP"]
[Source "lmi"]
[SourceDate "2008.09.27"]

1. e4 e6 2. d4 d5 3. Nc3 Nf6 4. Bg5 Bb4 5. e5 h6 6. Be3 Ne4 7. Qg4 Kf8 8. a3
Bxc3+ 9. bxc3 c5 10. Bd3 Nxc3 11. dxc5 Nc6 12. Nf3 f5 13. Qh5 Bd7 14. g4 Be8
15. Qh3 d4 16. Bf4 Nd5 17. Bd2 fxg4 18. Qxg4 Qe7 19. Rg1 Rd8 20. Rg3 Rd7 21.
Kf1 Qf7 22. Re1 Kg8 23. Kg2 Nde7 24. Nh4 Nd8 25. Re4 Nf5 26. Rf4 Nxh4+ 27. Qxh4
Qh5 28. Qf6 Qf7 29. Qh4 Qh5 30. Qf6 Qf7 31. Rfg4 Qxf6 32. exf6 g5 33. Bb5 Nc6
34. h4 Bh5 35. Re4 Kf7 36. hxg5 hxg5 37. Rxg5 Kxf6 38. Bd3 e5 39. f4 exf4 40.
Rxf4+ Ke7 41. Rff5 Be8 42. Bf4 Kd8 43. Bd6 Rf7 44. Rxf7 Bxf7 45. Kf2 Rg8 46.
Rf5 Bg6 47. Rf6 Bxd3 48. cxd3 Rg7 49. Kf3 Kd7 50. Ke4 Rh7 51. Bf4 Rh5 52. Bd6
b6 53. cxb6 axb6 54. Bg3 Rc5 55. Rf7+ Ke6 56. Rb7 Rb5 57. Rc7 Rc5 58. Rh7 Rc2
59. Rh6+ Kd7 60. Bd6 Rg2 61. Rf6 Rg5 62. Bf4 Rc5 63. Rf5 Rxf5 64. Kxf5 Ne7+ 65.
Ke4 Kc6 66. Kxd4 b5 67. Bg5 Nd5 68. Bd2 Nb6 69. Ke5 Nd7+ 70. Kd4 Nb6 71. Bb4
Nd5 72. Ke5 Ne3 73. Ke4 Nd5 74. Be1 Nf6+ 75. Kd4 Nd5 76. Bh4 Nf4 77. Ke4 Nd5
78. Bd8 Nc3+ 79. Ke5 Nd5 1/2-1/2

[Event "Campeonato de España Individual 2008"]
[Site "Ceuta ESP"]
[Date "2008.09.28"]
[Round "1.24"]
[White "Perez Candelario, Manuel"]
[Black "Lariño Nieto, David"]
[Result "1/2-1/2"]
[WhiteElo "2537"]
[BlackElo "2427"]
[PlyCount "76"]
[EventDate "2008.09.27"]
[EventType "team-tourn"]
[EventRounds "8"]
[EventCountry "ESP"]
[Source "lmi"]
[SourceDate "2008.09.27"]

1. e4 e6 2. d4 d5 3. Nd2 c5 4. exd5 Qxd5 5. Ngf3 cxd4 6. Bc4 Qd6 7. O-O Nf6 8.
Nb3 Nc6 9. Nbxd4 Nxd4 10. Nxd4 Bd7 11. c3 Qc7 12. Qe2 O-O-O 13. a4 h5 14. Nb5
Bxb5 15. axb5 Ng4 16. g3 Bc5 17. Kg2 Qe5 18. Qf3 Qf6 19. Qxf6 Nxf6 20. Ra4 Bb6
21. Be2 Nd7 22. Rc4+ Kb8 23. Rd1 Bc7 24. Rh4 g6 25. Bg5 f6 26. Rhd4 Kc8 27. Be3
Ne5 28. Ra4 Bb6 29. Bd4 Kb8 30. h4 Nd7 31. Bxb6 Nxb6 32. Rad4 Kc7 33. Rxd8 Rxd8
34. Rxd8 Kxd8 35. Kf3 Ke7 36. Ke3 Kd6 37. b4 Nd5+ 38. Kd4 b6 1/2-1/2

[Event "Campeonato de España Individual 2008"]
[Site "Ceuta ESP"]
[Date "2008.09.28"]
[Round "1.25"]
[White "Lopez Martinez, Josep Manuel"]
[Black "Teran Alvarez, Ismael"]
[Result "0-1"]
[WhiteElo "2531"]
[BlackElo "2442"]
[PlyCount "70"]
[EventDate "2008.09.27"]
[EventType "team-tourn"]
[EventRounds "8"]
[EventCountry "ESP"]
[Source "lmi"]
[SourceDate "2008.09.27"]

1. e4 e5 2. Nf3 d6 3. d4 exd4 4. Nxd4 Nf6 5. Nc3 Be7 6. Be2 O-O 7. O-O Re8 8.
f4 Bf8 9. Bf3 Na6 10. Kh1 c6 11. b3 Nc5 12. Re1 a5 13. a4 Qb6 14. Ba3 Be6 15.
f5 Bd7 16. Re2 h6 17. Bb2 Nh7 18. g3 Be7 19. Qg1 Bf6 20. Rd1 Re7 21. h4 Rae8
22. Qf2 Bc8 23. Kg2 Nd7 24. Red2 Nc5 25. Nde2 Qb4 26. Kg1 Nxe4 27. Bxe4 Rxe4
28. Nxe4 Qxe4 29. Nd4 Qg4 30. c4 Bxh4 31. Re2 Rxe2 32. Nxe2 Ng5 33. Qe3 Bxg3
34. Qxg3 Qxe2 35. Rxd6 Nf3+ 0-1

[Event "Campeonato de España Individual 2008"]
[Site "Ceuta ESP"]
[Date "2008.09.28"]
[Round "1.26"]
[White "Narciso Dublan, Marc"]
[Black "Saldaño Dayer, Horacio"]
[Result "1-0"]
[WhiteElo "2525"]
[BlackElo "2442"]
[PlyCount "63"]
[EventDate "2008.09.27"]
[EventType "team-tourn"]
[EventRounds "8"]
[EventCountry "ESP"]
[Source "lmi"]
[SourceDate "2008.09.27"]

1. d4 Nf6 2. c4 g6 3. Nc3 Bg7 4. e4 d6 5. f3 O-O 6. Be3 c5 7. dxc5 dxc5 8. Qxd8
Rxd8 9. Bxc5 Nc6 10. Nge2 b6 11. Ba3 Bb7 12. Rd1 Nd7 13. Nd5 Nde5 14. Nec3 e6
15. Ne7+ Nxe7 16. Bxe7 Rdc8 17. c5 bxc5 18. Be2 c4 19. f4 Nc6 20. Bc5 Ba6 21.
O-O Rab8 22. Rd2 Rb7 23. Rfd1 h6 24. e5 Kh7 25. Bf3 Rbb8 26. Bd6 Rb6 27. Ne4
Nb4 28. Bc5 Rb5 29. Bxa7 Nd3 30. Nd6 Nxb2 31. Nxb5 Nxd1 32. Nd6 1-0

[Event "Campeonato de España Individual 2008"]
[Site "Ceuta ESP"]
[Date "2008.09.28"]
[Round "1.32"]
[White "Cabrera Trujillo, Jorge"]
[Black "Khamrakulov, Ibragim S"]
[Result "0-1"]
[WhiteElo "2423"]
[BlackElo "2597"]
[PlyCount "96"]
[EventDate "2008.09.27"]
[EventType "team-tourn"]
[EventRounds "8"]
[EventCountry "ESP"]
[Source "lmi"]
[SourceDate "2008.09.27"]

1. e4 c5 2. Nf3 e6 3. d4 cxd4 4. Nxd4 a6 5. c4 Qc7 6. a3 Nc6 7. Nc3 Nf6 8. Be3
Be7 9. Be2 O-O 10. O-O d6 11. Rc1 Ne5 12. f3 Bd7 13. Qd2 Rac8 14. Rfd1 Qb8 15.
b3 Rfd8 16. h3 Be8 17. f4 Nc6 18. Bf3 Nxd4 19. Bxd4 b5 20. cxb5 axb5 21. Qf2
Bc6 22. e5 dxe5 23. fxe5 Bxf3 24. exf6 Bxa3 25. gxf3 Bxc1 26. Rxc1 Qf4 27. Be3
Qxf6 28. Ne2 Rxc1+ 29. Nxc1 Qc3 30. Kg2 h6 31. Qe2 Rd5 32. f4 e5 33. Qf3 Qc2+
34. Kg3 exf4+ 35. Bxf4 Rd8 36. h4 Rd1 37. Qa8+ Kh7 38. Qg2 Rxc1 39. Bxc1 Qxc1
40. Qe4+ g6 41. Qd5 Qg1+ 42. Kh3 Qf1+ 43. Kg3 Qf5 44. Qxf5 gxf5 45. Kf4 Kg6 46.
Ke5 Kh5 47. Kxf5 Kxh4 48. Kf4 b4 0-1

[Event "Campeonato de España Individual 2008"]
[Site "Ceuta ESP"]
[Date "2008.09.28"]
[Round "1.34"]
[White "Lariño Nieto, David"]
[Black "Perez Candelario, Manuel"]
[Result "1-0"]
[WhiteElo "2427"]
[BlackElo "2537"]
[PlyCount "125"]
[EventDate "2008.09.27"]
[EventType "team-tourn"]
[EventRounds "8"]
[EventCountry "ESP"]
[Source "lmi"]
[SourceDate "2008.09.27"]

1. e4 e5 2. Nf3 Nc6 3. Bb5 a6 4. Bxc6 dxc6 5. O-O f6 6. d4 Bg4 7. dxe5 Qxd1 8.
Rxd1 fxe5 9. Rd3 Bd6 10. Bg5 Nf6 11. Nbd2 b5 12. h3 Be6 13. Bxf6 gxf6 14. Nh4
O-O-O 15. Rd1 Bc5 16. Nb3 Bb6 17. Nf5 Rxd3 18. Rxd3 c5 19. Rd1 c4 20. Ne7+ Kb7
21. Nc1 Bc5 22. Nf5 Rg8 23. Kf1 b4 24. c3 a5 25. Ne2 Kc6 26. g4 Rb8 27. Rd2 a4
28. cxb4 Bxb4 29. Rc2 Rd8 30. Ne3 Bc5 31. a3 Rd3 32. Nc1 Rd4 33. f3 Kb5 34. Ke2
Rd7 35. Nd1 c6 36. Nc3+ Ka5 37. Rd2 Rb7 38. Kd1 Bd4 39. Kc2 h5 40. gxh5 Rg7 41.
N1e2 c5 42. h4 f5 43. h6 Rg6 44. h7 Rh6 45. Ng3 fxe4 46. Ncxe4 Rxh7 47. Ng5 Rg7
48. Rh2 Bc8 49. N3e4 Rb7 50. Kc1 Be3+ 51. Kb1 Bf5 52. Ka2 c3 53. Nd6 c2 54.
Nxb7+ Kb6 55. Rxc2 Bxc2 56. Nd6 Kc6 57. Nde4 Kd5 58. h5 Bxg5 59. Nxg5 Kd4 60.
h6 Ke3 61. Ne4 Bb3+ 62. Ka1 Bg8 63. Nf6 1-0

[Event "Campeonato de España Individual 2008"]
[Site "Ceuta ESP"]
[Date "2008.09.28"]
[Round "1.54"]
[White "Lariño Nieto, David"]
[Black "Perez Candelario, Manuel"]
[Result "1-0"]
[WhiteElo "2427"]
[BlackElo "2537"]
[PlyCount "93"]
[EventDate "2008.09.27"]
[EventType "team-tourn"]
[EventRounds "8"]
[EventCountry "ESP"]
[Source "lmi"]
[SourceDate "2008.09.27"]

1. e4 c5 2. d3 Nc6 3. g3 g6 4. Bg2 Bg7 5. Nc3 d6 6. f4 Nf6 7. Nf3 O-O 8. h3 Rb8
9. O-O b5 10. g4 b4 11. Ne2 a5 12. c3 bxc3 13. bxc3 Ba6 14. g5 Nd7 15. Be3 Rb2
16. Bc1 Rb8 17. a3 Nb6 18. Be3 Qd7 19. h4 Na7 20. a4 Bb7 21. Kh2 Bc6 22. Bh3 e6
23. d4 cxd4 24. Bxd4 Nxa4 25. Bxg7 Kxg7 26. Ng3 Rb2+ 27. Kg1 Nc5 28. c4 Qb7 29.
h5 Nxe4 30. h6+ Kh8 31. Nxe4 Bxe4 32. Qd4+ f6 33. Nd2 Bf5 34. Bxf5 gxf5 35.
Rfb1 Rxb1+ 36. Rxb1 Qf7 37. Qxd6 Nc8 38. Qa3 Rg8 39. Nf3 e5 40. Qc3 exf4 41.
Kf1 Nd6 42. Ne5 Qe6 43. Nf3 Ne4 44. Qd4 Re8 45. Re1 Rg8 46. gxf6 Qf7 47. Ne5
1-0

[Event "Campeonato de España Individual 2008"]
[Site "Ceuta ESP"]
[Date "2008.09.29"]
[Round "2.12"]
[White "Teran Alvarez, Ismael"]
[Black "Narciso Dublan, Marc"]
[Result "1/2-1/2"]
[WhiteElo "2442"]
[BlackElo "2525"]
[PlyCount "39"]
[EventDate "2008.09.27"]
[EventType "team-tourn"]
[EventRounds "8"]
[EventCountry "ESP"]
[Source "lmi"]
[SourceDate "2008.09.27"]

1. e4 e6 2. d4 d5 3. Nc3 Nf6 4. e5 Nfd7 5. f4 c5 6. Nf3 Nc6 7. Be3 Be7 8. Qd2
O-O 9. dxc5 Bxc5 10. O-O-O b6 11. Bb5 Bb7 12. Ne2 Qe7 13. Kb1 f6 14. Ned4 Bxd4
15. Bxd4 Nxd4 16. Qxd4 fxe5 17. Nxe5 Nxe5 18. Qxe5 Rf5 19. Qd4 Qc5 20. Be2
1/2-1/2

[Event "Campeonato de España Individual 2008"]
[Site "Ceuta ESP"]
[Date "2008.09.29"]
[Round "2.13"]
[White "Lariño Nieto, David"]
[Black "San Segundo Carrillo, Pablo"]
[Result "1/2-1/2"]
[WhiteElo "2427"]
[BlackElo "2560"]
[PlyCount "127"]
[EventDate "2008.09.27"]
[EventType "team-tourn"]
[EventRounds "8"]
[EventCountry "ESP"]
[Source "lmi"]
[SourceDate "2008.09.27"]

1. e4 e5 2. Nf3 Nc6 3. Bb5 a6 4. Bxc6 dxc6 5. O-O Bg4 6. h3 h5 7. d3 Qf6 8. Be3
Bxf3 9. Qxf3 Qxf3 10. gxf3 Bd6 11. Nd2 Ne7 12. Rfb1 a5 13. a4 c5 14. Nc4 Nc6
15. c3 f6 16. Kf1 Ke7 17. Ke2 h4 18. Bd2 Rhd8 19. Ne3 Kf7 20. Nf5 g6 21. Ne3
Rd7 22. Nd5 Ne7 23. Nxe7 Bxe7 24. Be3 Ra6 25. Rd1 Rb6 26. Rab1 g5 27. Kd2 Ke6
28. Kc2 Bf8 29. Ra1 Rc6 30. Rd2 Be7 31. Rad1 Bf8 32. Kb3 Rxd3 33. Rxd3 c4+ 34.
Kc2 cxd3+ 35. Rxd3 Bc5 36. Rd8 Bxe3 37. fxe3 Ke7 38. Rd5 Ra6 39. Rd1 Rc6 40.
Rg1 Kf7 41. Rd1 Ke7 42. Rd2 Rb6 43. Rf2 Rc6 44. b3 Ra6 45. Rg2 Kf7 46. Rd2 Ke7
47. Rd5 c6 48. Rd2 Ra8 49. Rf2 Ke6 50. Rg2 Kf7 51. Rd2 Ke6 52. Rd1 Rf8 53. Rg1
Ra8 54. Kd3 Rd8+ 55. Ke2 Rb8 56. Ra1 Rd8 57. Rb1 Ra8 58. c4 b6 59. Rg1 Kd6 60.
Kd3 Kc5 61. Kc3 Rd8 62. Rf1 Rd7 63. Rg1 Rd8 64. Rf1 1/2-1/2

[Event "Campeonato de España Individual 2008"]
[Site "Ceuta ESP"]
[Date "2008.09.30"]
[Round "2.32"]
[White "Teran Alvarez, Ismael"]
[Black "Narciso Dublan, Marc"]
[Result "1-0"]
[WhiteElo "2442"]
[BlackElo "2525"]
[PlyCount "131"]
[EventDate "2008.09.27"]
[EventType "team-tourn"]
[EventRounds "8"]
[EventCountry "ESP"]
[Source "lmi"]
[SourceDate "2008.09.27"]

1. e4 g6 2. d4 Bg7 3. Nf3 d6 4. Bc4 e6 5. Bb3 Ne7 6. O-O b6 7. Re1 O-O 8. Nbd2
c5 9. c3 Nbc6 10. Nf1 cxd4 11. cxd4 Ba6 12. Bc2 Rc8 13. Bb1 Bxf1 14. Kxf1 Qd7
15. Be3 d5 16. e5 f6 17. exf6 Bxf6 18. Bh6 Rf7 19. Kg1 Qd6 20. Qd2 e5 21. dxe5
Nxe5 22. Nxe5 Bxe5 23. h3 Nc6 24. Bd3 Bh2+ 25. Kh1 Bf4 26. Bxf4 Rxf4 27. Rac1
Rcf8 28. Be4 Ne7 29. Bf3 Rxf3 30. gxf3 Rxf3 31. Kg2 Rf8 32. Qe3 Nf5 33. Qe6+
Qxe6 34. Rxe6 Kg7 35. Rc7+ Kh6 36. Rxa7 Nh4+ 37. Kf1 Rc8 38. Rxb6 Rc1+ 39. Ke2
Rc2+ 40. Kd3 Rxf2 41. Rbb7 Nf5 42. Rxh7+ Kg5 43. b4 Rf3+ 44. Ke2 Nd4+ 45. Kd2
Nb5 46. Rad7 Nc3 47. b5 Ne4+ 48. Ke1 Nf6 49. Rhf7 Rxh3 50. Rd6 Ne4 51. Rxd5+
Kh6 52. Rd8 Re3+ 53. Kd1 Rg3 54. b6 Rg1+ 55. Kc2 Rg2+ 56. Kb3 Nc5+ 57. Kc4 Rc2+
58. Kb5 Ne6 59. Rh8+ Kg5 60. b7 Nd4+ 61. Kb4 Nc6+ 62. Kb3 Nd4+ 63. Ka3 Nb5+ 64.
Ka4 Rb2 65. b8=Q Nc3+ 66. Ka3 1-0

[Event "Campeonato de España Individual 2008"]
[Site "Ceuta ESP"]
[Date "2008.09.30"]
[Round "2.33"]
[White "Lariño Nieto, David"]
[Black "San Segundo Carrillo, Pablo"]
[Result "1/2-1/2"]
[WhiteElo "2427"]
[BlackElo "2560"]
[PlyCount "135"]
[EventDate "2008.09.27"]
[EventType "team-tourn"]
[EventRounds "8"]
[EventCountry "ESP"]
[Source "lmi"]
[SourceDate "2008.09.27"]

1. e4 e5 2. Nf3 Nc6 3. Bb5 a6 4. Bxc6 dxc6 5. O-O Bg4 6. h3 h5 7. d3 Qf6 8. Be3
Bxf3 9. Qxf3 Qxf3 10. gxf3 Bd6 11. Nd2 Ne7 12. Rfb1 c5 13. a4 a5 14. Kf1 Nc6
15. c3 f6 16. Ke2 h4 17. Nb3 b6 18. Nd2 Kf7 19. Nc4 Rhd8 20. Rd1 Rd7 21. Bc1 g5
22. Ne3 Bf8 23. Nf5 Ne7 24. Ne3 Nc6 25. b3 Rad8 26. Bb2 Rb8 27. Kd2 Nd8 28. Kc2
Ne6 29. Ng2 Be7 30. Bc1 c6 31. Be3 Bd8 32. Ne1 b5 33. Rdb1 Rdb7 34. Kc1 Kg6 35.
Nc2 f5 36. exf5+ Kxf5 37. axb5 cxb5 38. Kd2 Rd7 39. Ke2 Nf4+ 40. Bxf4 exf4 41.
d4 Bb6 42. dxc5 Bxc5 43. Nd4+ Bxd4 44. cxd4 Rxd4 45. Rxa5 Re8+ 46. Kf1 Re5 47.
Kg2 Rb4 48. Ra8 Rd4 49. Rc1 Rd6 50. b4 Red5 51. Rb8 Ke5 52. Rbc8 Kd4 53. Rd1+
Ke5 54. Re8+ Kf5 55. Rde1 Rc6 56. Rf8+ Rf6 57. Rb8 Rc6 58. Rf8+ Rf6 59. Rc8 Re6
60. Rec1 Ke5 61. Rb8 Ra6 62. Rc5 Rxc5 63. bxc5 Rc6 64. Rxb5 Kd4 65. Rb4+ Kxc5
66. Ra4 Kd5 67. Ra8 Ke5 68. Rg8 1/2-1/2

[Event "Campeonato de España Individual 2008"]
[Site "Ceuta ESP"]
[Date "2008.09.30"]
[Round "2.43"]
[White "San Segundo Carrillo, Pablo"]
[Black "Lariño Nieto, David"]
[Result "1/2-1/2"]
[WhiteElo "2560"]
[BlackElo "2427"]
[PlyCount "123"]
[EventDate "2008.09.27"]
[EventType "team-tourn"]
[EventRounds "8"]
[EventCountry "ESP"]
[Source "lmi"]
[SourceDate "2008.09.27"]

1. d4 e6 2. c4 d5 3. Nf3 c5 4. cxd5 exd5 5. g3 Nc6 6. Bg2 Nf6 7. O-O Be7 8. Nc3
O-O 9. Bg5 cxd4 10. Nxd4 h6 11. Be3 Bg4 12. Qa4 Na5 13. Rad1 Nc4 14. Bc1 Nb6
15. Qb5 a6 16. Qd3 Qd7 17. b3 Rfe8 18. Bb2 Bc5 19. Rc1 Rac8 20. e3 Bh3 21. Nce2
Bxg2 22. Kxg2 Ne4 23. Nf4 Be7 24. f3 Nc5 25. Qd2 Bf6 26. Qb4 Qc7 27. Qd2 Qe5
28. Rxc5 Rxc5 29. Nd3 Qc7 30. Nxc5 Qxc5 31. Rc1 Qe7 32. Nf5 Qe6 33. g4 g6 34.
Bxf6 Qxf6 35. Qd4 Qxd4 36. Nxd4 Rxe3 37. Rc7 Rd3 38. Rxb7 Rxd4 39. Rxb6 Rd2+
40. Kg3 Rxa2 41. Rd6 Ra5 42. Kf4 Rb5 43. Rxa6 Rxb3 44. h4 Kg7 45. Rd6 Rd3 46.
Kg3 Rd1 47. Kf2 h5 48. gxh5 gxh5 49. Ke2 Rd4 50. Ke3 Rxh4 51. Rxd5 Kg6 52. Kf2
Ra4 53. Kg3 Ra3 54. Rb5 f6 55. Rc5 h4+ 56. Kxh4 Rxf3 57. Kg4 Ra3 58. Rb5 Ra4+
59. Kg3 f5 60. Rb6+ Kg5 61. Rb3 f4+ 62. Kf3 1/2-1/2

[Event "Campeonato de España Individual 2008"]
[Site "Ceuta ESP"]
[Date "2008.09.30"]
[Round "2.63"]
[White "San Segundo Carrillo, Pablo"]
[Black "Lariño Nieto, David"]
[Result "0-1"]
[WhiteElo "2560"]
[BlackElo "2427"]
[PlyCount "90"]
[EventDate "2008.09.27"]
[EventType "team-tourn"]
[EventRounds "8"]
[EventCountry "ESP"]
[Source "lmi"]
[SourceDate "2008.09.27"]

1. d4 e6 2. c4 d5 3. Nf3 c5 4. cxd5 exd5 5. g3 Nc6 6. Bg2 Nf6 7. O-O Be7 8. Nc3
O-O 9. Bg5 cxd4 10. Nxd4 h6 11. Be3 Bg4 12. Qa4 Na5 13. Rad1 Nc4 14. Bc1 Nb6
15. Qb5 a6 16. Qd3 Qd7 17. b3 Rfe8 18. Bb2 Rad8 19. Rc1 Bh3 20. Rfd1 Bd6 21. e3
Be5 22. Nce2 Ne4 23. Bh1 Qe7 24. f3 Nf6 25. a4 Nbd7 26. Qd2 Bb8 27. Kf2 h5 28.
Re1 h4 29. Nf4 Bxf4 30. exf4 Qd6 31. Bg2 Bxg2 32. Kxg2 hxg3 33. hxg3 Rxe1 34.
Rxe1 Re8 35. Nf5 Qf8 36. Rxe8 Qxe8 37. g4 Qe6 38. Qe3 Qxe3 39. Nxe3 Nc5 40. b4
d4 41. Bxd4 Nd5 42. a5 Nxb4 43. Nd5 Nxd5 44. f5 Nb4 45. Kg3 Nc6 0-1

[Event "Campeonato de España Individual 2008"]
[Site "Ceuta ESP"]
[Date "2008.10.01"]
[Round "3.11"]
[White "Ibarra Jerez, Jose Carlos"]
[Black "Lariño Nieto, David"]
[Result "1/2-1/2"]
[WhiteElo "2496"]
[BlackElo "2427"]
[PlyCount "118"]
[EventDate "2008.09.27"]
[EventType "team-tourn"]
[EventRounds "8"]
[EventCountry "ESP"]
[Source "lmi"]
[SourceDate "2008.09.27"]

1. e4 d5 2. exd5 Qxd5 3. Nc3 Qa5 4. Bc4 Nf6 5. d3 c6 6. Bd2 Qc7 7. Qe2 Nbd7 8.
a3 Nb6 9. Ba2 Nbd5 10. Nf3 Bg4 11. h3 Bxf3 12. Qxf3 Qe5+ 13. Kf1 e6 14. g3 Nxc3
15. Bxc3 Qh5 16. Qxh5 Nxh5 17. Re1 O-O-O 18. Kg2 Nf6 19. Re2 Nd5 20. Ba5 Rd7
21. Bd2 Nb6 22. Re4 Be7 23. Bc3 Rg8 24. Rf4 Nd5 25. Rxf7 Bf6 26. Rxd7 Kxd7 27.
Bxf6 gxf6 28. Re1 f5 29. Kf3 Rg6 30. Bxd5 cxd5 31. g4 fxg4+ 32. hxg4 Kd6 33. d4
b5 34. Re5 a5 35. Kg3 Rg7 36. f4 b4 37. axb4 axb4 38. Re2 Rc7 39. f5 exf5 40.
gxf5 Re7 41. Rf2 h6 42. Kg4 Re4+ 43. Rf4 Re8 44. Rf2 Re4+ 45. Kh5 Ke7 46. f6+
Kf7 47. Kxh6 Rg4 48. Kh5 Rg1 49. Kh4 Rg8 50. Kh3 Rg1 51. Kh2 Rg4 52. c3 Rg8 53.
Kh3 b3 54. Rf5 Rg1 55. Rxd5 Rb1 56. Rd7+ Kxf6 57. Rb7 Rxb2 58. Rb5 Rb1 59. Kg2
b2 1/2-1/2

[Event "Campeonato de España Individual 2008"]
[Site "Ceuta ESP"]
[Date "2008.10.02"]
[Round "3.21"]
[White "Lariño Nieto, David"]
[Black "Ibarra Jerez, Jose Carlos"]
[Result "1/2-1/2"]
[WhiteElo "2427"]
[BlackElo "2496"]
[PlyCount "33"]
[EventDate "2008.09.27"]
[EventType "team-tourn"]
[EventRounds "8"]
[EventCountry "ESP"]
[Source "lmi"]
[SourceDate "2008.09.27"]

1. e4 c5 2. Nc3 a6 3. a4 Nc6 4. g3 e6 5. Bg2 Nf6 6. Nge2 d6 7. O-O Be7 8. d4
cxd4 9. Nxd4 Bd7 10. b3 Rc8 11. Nce2 O-O 12. c4 Qc7 13. Ra2 Nb4 14. Rd2 d5 15.
exd5 exd5 16. cxd5 Nfxd5 17. Nf3 1/2-1/2

[Event "Campeonato de España Individual 2008"]
[Site "Ceuta ESP"]
[Date "2008.10.02"]
[Round "3.31"]
[White "Ibarra Jerez, Jose Carlos"]
[Black "Lariño Nieto, David"]
[Result "1-0"]
[WhiteElo "2496"]
[BlackElo "2427"]
[PlyCount "49"]
[EventDate "2008.09.27"]
[EventType "team-tourn"]
[EventRounds "8"]
[EventCountry "ESP"]
[Source "lmi"]
[SourceDate "2008.09.27"]

1. e4 d5 2. exd5 Qxd5 3. Nc3 Qa5 4. d4 Nf6 5. Bd2 c6 6. Bc4 Qd8 7. Nf3 e6 8.
Qe2 Be7 9. Ne5 O-O 10. O-O-O b5 11. Bd3 Bb7 12. f4 Nbd7 13. g4 b4 14. Ne4 Nxe4
15. Qxe4 Nf6 16. Qf3 Qa5 17. Kb1 Rfb8 18. g5 Nd5 19. Bxh7+ Kxh7 20. Qh5+ Kg8
21. Qxf7+ Kh7 22. g6+ Kh8 23. Qxe6 Bf6 24. Nf7+ Kg8 25. Nh6+ 1-0